• 首页
  • 本馆介绍
  • 公告通知
  • 最新文献
  • 馆藏检索
  • 电子资源
  • 读者导购
  • 参考咨询
  • 我的图书馆
  • 登录
  • 详细信息显示
  • 放入我的书架
  • 预约/预借图书
  • 作者相关作品
  • 分类相关作品
  • 丛书相关作品
  • 出版社相关作品

书目信息

  • 表格格式
  • 工作单格式
  • 卡片格式
题名:
积极心理学
    
 
作者: 卡尔 著 ;郑雪 译校
分册:  
出版信息: 北京   中国轻工业出版社  2008
页数: 302页
开本: 23cm
丛书名:
单 册:
中图分类: B84
科图分类:
主题词: 普通心理学
电子资源:
ISBN: 978-7-5019-6166-5
000 01095nam0 2200265 450
001 100428400755
005 20110224085915.96
010    @a978-7-5019-6166-5@dCNY34.00
035    @a003621703
100    @a20070327d2008 em y0chiy0110 ea
101 1  @achi@ceng
102    @aCN@b110000
105    @ay z 000yy
106    @ar
200 1  @a积极心理学@9ji ji xin li xue@e关于人类幸福和力量的科学@dPosotive psychology@ethe science of happiness and human strengths@f(美)Alan Carr著@g郑雪等译校@zeng
210    @a北京@c中国轻工业出版社@d2008
215    @a302页@d23cm
330    @a本书倡导心理学的积极取向,以研究人类的积极心理品质、关注人类的健康幸福与和谐发展为主要内容,试图以新理念、开放的姿态诠释与实践心理学。本书在内容上以幸福感为核心,系统介绍积极心理学各个领域的研究成果。
510 1  @aPosotive psychology@ethe science of happiness and human strengths@zeng
606 0  @a普通心理学
690    @aB84@v4
701  0 @c(爱尔兰)@a卡尔@9ka er@c(Carr, Alan)@4著
702  0 @a郑雪@9zheng xue@f(1957~)@4译校
801  0 @aCN@bNLC@c20110224
905    @b205995761-805@h599576-80@dB84@e1022@f5
    
    积极心理学:关于人类幸福和力量的科学=Posotive psychology:the science of happiness and human strengths/(美)Alan Carr著/郑雪等译校.-北京:中国轻工业出版社,2008
    302页;23cm
    
    
    ISBN 978-7-5019-6166-5:CNY34.00
    本书倡导心理学的积极取向,以研究人类的积极心理品质、关注人类的健康幸福与和谐发展为主要内容,试图以新理念、开放的姿态诠释与实践心理学。本书在内容上以幸福感为核心,系统介绍积极心理学各个领域的研究成果。
●
相关链接 在E读中查询图书 在五车中查询图书 在当当中查询图书 在豆瓣中查询图书


正题名:积极心理学     索取号:B84/1022         预约/预借

序号 登录号 条形码 馆藏地/架位号 状态 备注
1 599576   205995761   第一样本阅览室/ [索取号:B84/1022] 在馆    
2 599577   205995770   第一借阅区/ [索取号:B84/1022] 在馆    
3 599578   205995789   第一借阅区/ [索取号:B84/1022] 在馆    
4 599579   205995798   第一借阅区/ [索取号:B84/1022] 在馆    
5 599580   205995805   第一借阅区/ [索取号:B84/1022] 在馆    
唐山师范学院图书馆 欢迎您!
大连网信软件有限公司© 版权所有